000 00738nam a2200277Ia 4500
005 20260320195915.0
008 008 262003s9999 xx 000 0 hin d
020 _a9789360864286
037 _aEBOOK
040 _aCRL
040 _bhin
040 _cCRL
041 _2hin
041 _ahin
084 _qCRL
100 _aकैलाश वाजपेई, सं. ॐ निश्चल
_91133510
245 0 _aप्रतिनिधि कविताएँ : कैलाश वाजपेयी
250 _a1st
260 _bRajkamal
260 _c2024
300 _a160
856 _uhttps://ebook.indiaread.in/pdfs/9789360864286.pdf
942 _cEBOOK
999 _c1717129
_d1717129